Music Quiz

Random Music or Song Quiz

Religious Lyrics Quiz Stats

Quiz not verified by Sporcle

Also try: Musical Lyrics
Challenge
Share
Tweet
Embed
Score 0/20 Timer 05:00
0 Plays Today
% Correct
Let It Be (The Beatles)
88.9%
Anarchy in the UK (Sex Pistols)
72.2%
California Dreamin' (The Mamas and the Papas)
66.7%
When You Were Young (The Killers)
61.1%
Fortunate Son (Creedence Clearwater Revival)
55.6%
One of Us (Joan Osborne)
55.6%
Where Is the Love? (Black Eyed Peas)
50%
Piazza, New York Catcher (Belle & Sebastian)
44.4%
Tiny Dancer (Elton John)
44.4%
Sunday Bloody Sunday (U2)
44.4%
% Correct
How to Save a LIfe (The Fray)
44.4%
Lithium (Nirvana)
38.9%
Hey Ya! (Outkast)
38.9%
Underneath Your Clothes (Shakira)
38.9%
Going to California (Led Zeppelin)
33.3%
Sinnerman (Nina Simone)
33.3%
99 Problems (Jay-Z)
27.8%
One Dance (Drake)
22.2%
Samson (Regina Spektor)
22.2%
Winter Winds (Mumford & Sons)
22.2%

You're not logged in!

Compare scores with friends on all Sporcle quizzes.
Sign Up with Email
OR
Log In

You Might Also Like...

Show Comments

Extras

Top Quizzes Today


Score Distribution

Your Account Isn't Verified!

In order to create a playlist on Sporcle, you need to verify the email address you used during registration. Go to your Sporcle Settings to finish the process.